书目信息 |
| 题名: |
铁腕娘子
|
|
| 作者: | 吉力 编译 | |
| 分册: | ||
| 出版信息: | 长春 时代文艺出版社 2003 |
|
| 页数: | 388, [4] 页图版 | |
| 开本: | 21cm | |
| 丛书名: | 20世纪军政巨人百传 | |
| 单 册: | ||
| 中图分类: | K835.617 | |
| 科图分类: | 26.151165 | |
| 主题词: | 政治家--zheng zhi jia--传记--英国--现代 | |
| 电子资源: | ||
| ISBN: | 7-5387-1629-7 | |
| 000 | 00983nam 2200313 450 | |
| 001 | CAL 012004051033 | |
| 005 | 20090618093737.16 | |
| 010 | @a7-5387-1629-7@dCNY27.80 | |
| 099 | @aCAL 012004051033 | |
| 100 | @a20040514d2003 ekmy0chiy0121 ea | |
| 101 | 2 | @achi@ceng |
| 102 | @aCN@b220000 | |
| 105 | @acf z 000yb | |
| 200 | 1 | @a铁腕娘子@Atie wan niang zi@e撒切尔夫人传@f吉力编译 |
| 205 | @a2版 | |
| 210 | @a长春@c时代文艺出版社@d2003 | |
| 215 | @a388, [4] 页图版@c肖像@d21cm | |
| 225 | 2 | @a20世纪军政巨人百传@A20 shi ji jun zheng ju ren bai zhuan |
| 410 | 0 | @12001 @a20世纪军政巨人百传 |
| 517 | 1 | @a撒切尔夫人传@Asa qie er fu ren zhuan |
| 600 | 1 | @a撒切尔,@Asa qie er@bM. H.@g(Thatcher, Margart Hilda),@f1925-@x传记 |
| 606 | 0 | @a政治家@Azheng zhi jia@x传记@y英国@z现代 |
| 690 | @aK835.617@v4 | |
| 692 | @a26.151165@v3 | |
| 701 | 0 | @a吉力@Aji li@4编译 |
| 801 | 0 | @aCN@bWUL@c20090618 |
| 905 | @aBZT@dK835.617@e5 | |
| 906 | @dCNY27.80@n0@r1 | |
| 998 | @aWUL | |
| 铁腕娘子:撒切尔夫人传/吉力编译.-2版.-长春:时代文艺出版社,2003 |
| 388, [4] 页图版:肖像;21cm.-(20世纪军政巨人百传) |
| ISBN 7-5387-1629-7:CNY27.80 |
| ● |
| 相关链接 |
|
|
|
正题名:铁腕娘子
索取号:K835.617/5
 
预约/预借
| 序号 | 登录号 | 条形码 | 馆藏地/架位号 | 状态 | 备注 |
| 1 | 393976 | 210232309 | 中心书库南/016架A面4层3列/ [索取号:K835.617/5] | 在馆 | |
| 2 | 393977 | 210232274 | 中心书库南/016架A面4层3列/ [索取号:K835.617/5] | 在馆 | |
| 3 | 393978 | 210232283 | 中心书库南/016架A面4层3列/ [索取号:K835.617/5] | 在馆 | |
| 4 | 393979 | 210232256 | 中心书库南/016架A面4层3列/ [索取号:K835.617/5] | 在馆 | |
| 5 | 393980 | 210232265 | 中心书库南/016架A面4层3列/ [索取号:K835.617/5] | 在馆 | |
| 6 | 393981 | 210232238 | 中心书库南/016架A面4层3列/ [索取号:K835.617/5] | 在馆 | |
| 7 | 393982 | 210232247 | 中心书库南/016架A面4层3列/ [索取号:K835.617/5] | 在馆 | |
| 8 | 393983 | 210232210 | 中心书库南/016架A面4层3列/ [索取号:K835.617/5] | 在馆 | |
| 9 | 393984 | 210232229 | 中心书库南/016架A面4层3列/ [索取号:K835.617/5] | 在馆 | |
| 10 | 393985 | 210232201 | 中心书库南/016架A面4层3列/ [索取号:K835.617/5] | 在馆 | |
| 11 | 566464 | 230104987 | 中心书库南/016架A面4层3列/ [索取号:K835.617/5] | 在馆 | |
| 12 | 566465 | 230104986 | 中心书库南/016架A面4层3列/ [索取号:K835.617/5] | 在馆 | |
| 13 | 566466 | 230104985 | 中心书库南/016架A面4层3列/ [索取号:K835.617/5] | 在馆 | |
| 14 | 566467 | 230104984 | 中心书库南/016架A面4层3列/ [索取号:K835.617/5] | 在馆 | |
| 15 | 566468 | 230104983 | 中心书库南/016架A面4层3列/ [索取号:K835.617/5] | 在馆 | |
| 16 | 566469 | 230104982 | 中心书库南/016架A面4层3列/ [索取号:K835.617/5] | 在馆 | |
| 17 | 566471 | 230104980 | 中心书库南/016架A面4层3列/ [索取号:K835.617/5] | 在馆 | |
| 18 | 566472 | 230104979 | 中心书库南/016架A面4层3列/ [索取号:K835.617/5] | 在馆 | |
| 19 | 566473 | 230104978 | 中心书库南/016架A面4层3列/ [索取号:K835.617/5] | 在馆 |